书目信息 |
| 题名: |
居室气氛的营造
|
|
| 作者: | 梁辰 编 | |
| 分册: | ||
| 出版信息: | 北京 中国建材工业出版社 2000.08 |
|
| 页数: | 94页 | |
| 开本: | 16开 | |
| 丛书名: | ||
| 单 册: | ||
| 中图分类: | TU238.2 | |
| 科图分类: | ||
| 主题词: | 建筑设计 | |
| 电子资源: | ||
| ISBN: | 7-80159-044-9 | |
| 000 | 00536nam0 2200193 45 | |
| 001 | 0012050931 | |
| 005 | 20010103102901.9 | |
| 010 | @a7-80159-044-9@d29.00元 | |
| 100 | @a20001205d2000 km y0chiy0120 ea | |
| 101 | 0 | @achi |
| 105 | @a z 000yy | |
| 200 | 1 | @a居室气氛的营造@AJu Shi Qi Fen De Ying Zao@f梁辰编@FLiang Chen Bian |
| 210 | @a北京@c中国建材工业出版社@d2000.08 | |
| 215 | @a94页@d16开 | |
| 606 | 0 | @a建筑设计 |
| 690 | @aTU238.2@v3 | |
| 701 | 0 | @a梁辰@4编 |
| 801 | @aCN@bPftUser@c20001205 | |
| 905 | @b513629@dTU238.2@eF931@f1 | |
| 居室气氛的营造/梁辰编.-北京:中国建材工业出版社,2000.08 |
| 94页;16开 |
| ISBN 7-80159-044-9:29.00元 |
| ● |
| 相关链接 |
|
|
|
正题名:居室气氛的营造
索取号:TU238.2/F931
 
预约/预借
| 序号 | 登录号 | 条形码 | 馆藏地/架位号 | 状态 | 备注 |
| 1 | 513629 | 205136299 | 自科二线404/404自科库 14排2列1层/ [索取号:TU238.2/F931] | 在馆 |